| 000 | 01528nam0a2200325 4500 | ||
|---|---|---|---|
| 001 | RU\NLR\DIGIT\78218 | ||
| 005 | 20250613204909.0 | ||
| 035 | _a(NLR Aleph) 010137415 | ||
| 090 |
_a10038168 _c10038168 |
||
| 100 | _a20080526d1800 |||y0rusy50 ca | ||
| 101 | 0 | _arus | |
| 102 | _aRU | ||
| 135 | _acrbn 001aaaba | ||
| 200 | 1 |
_aМнение Коммерц-коллегии общаго собрания на положение купечества о распространении кораблестроения и мореплавания _f[Ноября 1 дня 1800 года. С.П. бург] |
|
| 210 |
_a[СПб. _cСенат. тип. _d1800] |
||
| 215 |
_a12 с. _d2° |
||
| 303 | _aОтлич. признак изд.: с.3, 3-я строка внизу - "...Коммерц-Коллегии" | ||
| 321 | _aСК XVIII 4279 | ||
| 325 | _aКопия доступна в Электрон. б-ке РНБ http://vivaldi.nlr.ru/lk000003521/view | ||
| 610 | _aРоссия. Законы и постановления | ||
| 620 | _dСанкт-Петербург | ||
| 712 | 0 | 2 |
_aСенатская типография _cСанкт-Петербург _4610 |
| 712 | 0 | 2 |
_aКоммерц-коллегия _4070 |
| 801 | 2 |
_aRU _bNLR _c20080526 _2rusmarc |
|
| 852 |
_aNLR _c18.82.1.5-12-204 |
||
| 942 | _cBOOK | ||
| 980 | _aNB | ||
| 981 | 3 | 6 | _a(36) Цифровой репозиторий РНБ |
| 981 | 1 | 6 | _a(16) Законодательные акты Российской империи |